000 00360nam a22001457a 4500
020 _a0074637282
082 _a621.3515
_bMAL/EL
100 _aMalvino, Albert paul
_9219
245 _aElectronic Principles
250 _a6th
260 _aNew Delhi
_bTata Mc Graw Hill Publishing co.
_c2002
300 _a1012
650 _aElectronics
_9220
942 _cBK
999 _c14179
_d14179